005050000a22001330004500090001700000245016200017041001400179700003300193700002500226100003000251942001300281773006000294999001700354 aAsbSeriadas10aPrimer registro y descripción de Phyllophaga absoleta blanchard (Coleoptera: Scarabaeoidea, Melolonthidae) una especie plaga del complejo chisa de Colombia0 aEspañol1 aMorón, Miguel Angel9396551 aOrduz, Sergio9994281 aVallejo, Fernando9100105 cARTICULO1 tRevista Colombiana de Entomologíah1-2q1-7d1997g23 c15872d15872